| 000 | 01166cam a22003854a 4500 | ||
|---|---|---|---|
| 001 | 276668850 | ||
| 003 | OCoLC | ||
| 005 | 20150408114045.0 | ||
| 008 | 120623s2009 stka f b 001 0 eng | ||
| 010 | _a2008051274 | ||
| 016 | 7 |
_a101490064 _2DNLM |
|
| 020 | _a9780443069062 | ||
| 020 | _a0443069069 | ||
| 020 | _a9780443069093 (international ed.) | ||
| 020 | _a0443069093 (international ed.) | ||
| 035 | _a.b66511379 | ||
| 040 |
_aDNLM/DLC _cDLC |
||
| 042 | _apcc | ||
| 050 | 0 | 0 | _b.P44 2009 |
| 060 | 1 | 0 | _bP5353 2009 |
| 082 | 0 | 0 |
_a615.4 P H P _222 |
| 245 | 0 | 0 | _aPharmaceutical practice. |
| 250 |
_a4th ed. / _bedited by A.J. Winfield, J.A. Rees, I. Smith. |
||
| 260 |
_aEdinburgh ; _aNew York : _bChurchill Livingstone/Elsevier, _c2009. |
||
| 300 |
_axix, 643 p. : _bill. ; _c25 cm. |
||
| 504 | _aIncludes bibliographical references and index. | ||
| 650 | 0 |
_aPharmacy. _913665 |
|
| 650 | 1 | 2 |
_aDrug Compounding. _913668 |
| 650 | 2 | 2 |
_aDosage Forms. _915769 |
| 650 | 2 | 2 |
_aPharmacy. _913665 |
| 700 | 1 |
_aWinfield, A. J. _q(Arthur J.) _915766 |
|
| 700 | 1 |
_aRees, Judith A. _915767 |
|
| 700 | 1 |
_aSmith, Ian, _d1959 Nov. 24- _915768 |
|
| 942 |
_2ddc _cDVD |
||
| 999 |
_c24137 _d258637 |
||